000 00636nam a2200229Ia 4500
003 OSt
005 20221007073117.0
006 a|||||r|||| 00| 0
007 ta
008 221006b |||||||| |||| 00| 0 eng d
024 _a13,998
037 _cTextual
040 _aFLL
_cFLL
_beng
041 _2eng
_aeng
082 _aW:915:Z1, K1
100 _aMcDougal Myress S. Au.
_9691923
245 0 _aLaw and minimum world public order
260 _aLondon
_bYale university press London
_c1961
300 _axxvi,872p
_ccm.
942 _hW:915:Z1, K1
_cTEXL
_2CC
999 _c1147709
_d1147709